| 000 | 00558nam a22001695i 4500 | ||
|---|---|---|---|
| 001 | 68368 | ||
| 003 | ES-MaACL | ||
| 005 | 20230906170253.0 | ||
| 007 | t| | ||
| 008 | 960801s1859 sp ||||1| spa d | ||
| 040 |
_aCAM _bspa _cCAM |
||
| 100 | 1 |
_aGarcía del Canto, Antonio. _954507 |
|
| 245 | 1 | 0 |
_aMisterios de Filipinas _b: novela original / _cde Antonio García del Canto. |
| 260 |
_aMadrid : _b[s.n.], _c1859 ( _fImprenta La Balear a cargo de Manuel Lopez) |
||
| 300 |
_a2 v. (327 p., [6] h. de grab.; 314 p.) ; _c24 cm. |
||
| 852 |
_aES-MaACL _jC-2132-33 |
||
| 999 |
_c68368 _d68368 |
||